Drive: the surprising truth about what motivates us (Record no. 517719)

000 -LEADER
fixed length control field 00376nam a22001337a 4500
020 ## - INTERNATIONAL STANDARD BOOK NUMBER
International Standard Book Number 9781786891709
082 ## - DEWEY DECIMAL CLASSIFICATION NUMBER
Classification number K9 P655
100 ## - MAIN ENTRY--PERSONAL NAME
Personal name Pink, Daniel H.
9 (RLIN) 25750
245 ## - TITLE STATEMENT
Title Drive: the surprising truth about what motivates us
Statement of responsibility, etc by Daniel H.
260 ## - PUBLICATION, DISTRIBUTION, ETC. (IMPRINT)
Place of publication, distribution, etc New York
Name of publisher, distributor, etc Canongate
Date of publication, distribution, etc 2009
300 ## - PHYSICAL DESCRIPTION
Extent 242p.
650 ## - SUBJECT ADDED ENTRY--TOPICAL TERM
Topical term or geographic name as entry element Motivation(Psychology)
9 (RLIN) 25751
650 ## - SUBJECT ADDED ENTRY--TOPICAL TERM
Topical term or geographic name as entry element Motivation
9 (RLIN) 25752
Holdings
Withdrawn status Lost status Source of classification or shelving scheme Damaged status Koha normalized classification for sorting Not for loan Permanent location Current location Shelving location Date acquired Total Checkouts Full call number Barcode Checked out Date last seen Date last borrowed Price effective from Koha item type
        K_9_000000000000000_P655   Indian Institute of Public Administration Indian Institute of Public Administration On Display 2021-07-27 1 K9 P655 88579 2022-09-06 2022-09-06 2022-09-06 2021-07-27 Book

Powered by Koha